00461nam a22001337a 4500008004100000082001800041100002400059245008700083260002400170300000900194942001200203999001500215952009700230230612b xxu||||| |||| 00| 0 eng d a354.6200bGOK cGovernment of Kenya aPublic Accounts Committee on the Government of Kenya Accounts for the Year 1985/86 aKenyabGOKc1985/86 a203p 2ddccBK c1003d1003 00102ddc4070a001b001d2023-06-12l0o354.6200 GOKp10014895r2023-06-12w2023-06-12yBK